|
|
|
|
| LEADER |
02650nam a2200337 a 4500 |
| 001 |
00023247 |
| 008 |
110721r2010 ii 000 0 eng d |
| 040 |
|
|
|a BD-DhAAL
|c BD-DhAAL
|
| 041 |
0 |
9 |
|a eng
|
| 082 |
0 |
0 |
|a 612
|2 22
|
| 999 |
|
|
|c 11136
|d 11136
|
| 999 |
|
|
|c 11136
|
| 100 |
1 |
|
|a Chatterjee, Chandi Charan.
|9 1679
|
| 245 |
1 |
0 |
|a Human physiology :
|b for preclinical medical and degree courses in physiology.
|n Volume I /
|c by Chandi Charan Chatterjee.
|
| 250 |
|
|
|a 9th ed.
|
| 260 |
|
|
|a Calcutta :
|b Medical Allied Agency,
|c 2010 [Reprinted 2011]
|
| 300 |
|
|
|a 2 v. :
|b ill. ;
|c 21 cm.
|
| 541 |
|
|
|e 0002324
|
| 650 |
|
0 |
|a Physiology
|9 1344
|
| 852 |
1 |
|
|a Ayesha Abed Library
|c General Shelf.
|
| 942 |
|
|
|2 ddc
|c BK
|0 1
|
| 952 |
|
|
|0 0
|1 0
|2 ddc
|4 0
|6 612_CHA
|7 0
|9 17578
|a BRACUL
|b BRACUL
|c GEN
|d 2011-07-19
|e Traust Line International
|g 750.00
|l 13
|m 116
|o 612 CHA
|p 3010023243
|r 2024-09-10
|s 2024-09-07
|t 1
|w 2011-07-23
|y BK
|
| 952 |
|
|
|0 0
|1 0
|2 ddc
|4 0
|6 612_CHA
|7 0
|9 17604
|a BRACUL
|b BRACUL
|c GEN
|d 2011-07-19
|e Traust Line International
|g 750.00
|l 13
|m 91
|o 612 CHA
|p 3010023244
|r 2025-11-25
|s 2025-11-18
|t 2
|w 2011-07-24
|y BK
|
| 952 |
|
|
|0 0
|1 0
|2 ddc
|4 0
|6 612_CHA
|7 0
|9 17605
|a BRACUL
|b BRACUL
|c GEN
|d 2011-07-19
|e Traust Line International
|g 750.00
|l 14
|m 113
|o 612 CHA
|p 3010023245
|r 2019-08-07
|s 2019-07-16
|t 3
|w 2011-07-24
|y BK
|
| 952 |
|
|
|0 0
|1 4
|2 ddc
|4 0
|6 612_000000000000000_CHA
|7 0
|9 17606
|a BRACUL
|b BRACUL
|c GEN
|d 2011-07-19
|e Traust Line International
|g 750.00
|l 0
|o 612 CHA
|p 3010023246
|r 2011-07-24
|t 4
|w 2011-07-24
|y BK
|x Koha Inventory 2020
|
| 952 |
|
|
|0 0
|1 0
|2 ddc
|4 0
|6 612_CHA
|7 0
|9 17607
|a BRACUL
|b BRACUL
|c GEN
|d 2011-07-19
|e Traust Line International
|g 750.00
|l 18
|m 98
|o 612 CHA
|p 3010023247
|r 2025-10-29
|s 2025-10-22
|t 5
|w 2011-07-24
|y BK
|
| 952 |
|
|
|0 0
|1 0
|2 ddc
|4 0
|6 612_000000000000000_CHA
|7 0
|9 18676
|a BRACUL
|b BRACUL
|c GEN
|d 2011-11-27
|e Mullick & Brothers
|g 475.00
|l 18
|m 101
|o 612 CHA
|p 3010023854
|r 2025-11-04
|s 2025-04-16
|t 6
|w 2011-11-27
|y BK
|
| 952 |
|
|
|0 0
|1 0
|2 ddc
|4 0
|6 612_000000000000000_CHA
|7 0
|9 18677
|a BRACUL
|b BRACUL
|c GEN
|d 2011-11-27
|e Mullick & Brothers
|g 475.00
|l 22
|m 148
|o 612 CHA
|p 3010023855
|r 2025-01-19
|s 2024-10-28
|t 7
|w 2011-11-27
|y BK
|
| 952 |
|
|
|0 0
|1 0
|2 ddc
|4 0
|6 612_000000000000000_CHA
|7 0
|9 18678
|a BRACUL
|b BRACUL
|c GEN
|d 2011-11-27
|e Mullick & Brothers
|g 475.00
|l 17
|m 150
|o 612 CHA
|p 3010023856
|q 2025-10-26
|r 2024-12-15
|s 2024-12-15
|t 8
|w 2011-11-27
|y BK
|
| 952 |
|
|
|0 0
|1 0
|2 ddc
|4 0
|6 612_000000000000000_CHA
|7 0
|9 18679
|a BRACUL
|b BRACUL
|c GEN
|d 2011-11-27
|e Mullick & Brothers
|g 475.00
|l 20
|m 142
|o 612 CHA
|p 3010023857
|r 2022-09-20
|s 2022-09-08
|t 9
|w 2011-11-27
|y BK
|
| 952 |
|
|
|0 0
|1 0
|2 ddc
|4 0
|6 612_000000000000000_CHA
|7 0
|9 18682
|a PHR
|b PHR
|c GEN
|d 2011-11-27
|e Mullick & Brothers
|g 475.00
|l 18
|m 92
|o 612 CHA
|p 3010023858
|r 2017-01-02
|s 2016-07-19
|t 10
|w 2011-11-27
|y BK
|